[Event "DEM U12/U12w 2008"]
[Site "Willingen GER"]
[Date "2008.05.16"]
[Round "9"]
[White "Pfadenhauer, Johannes"]
[Black "Groetzbach, Daniel"]
[Result "1-0"]
[Termination "normal"]
[Board "22"]
[WhiteElo "1654"]
[BlackElo "1454"]
[PlyCount "41"]
[WhiteFideId "24615269"]
[BlackFideId "24692166"]
[EventCountry "GER"]
[EventRounds "11"]
[EventType "swiss"]
[EventDate "2008.05.10"]

1. e4 e6 2. d4 d5 3. exd5 exd5 4. Bd3 Bd6 5. Nc3 c6 6. h3 Ne7 7. Qf3 O-O 8.
Nge2 Bd7 9. Bg5 Na6 10. a3 Qc8 11. g4 Ng6 12. O-O-O h6 13. Bf4 Nxf4 14. Nxf4
Qc7 15. Nh5 Be7 16. Rdg1 Bg5+ 17. Kb1 Qb6 18. h4 Be7 19. g5 g6 20. Qe3 Rae8 21.
Qe5 1-0

[Event "DEM U12/U12w 2008"]
[Site "Willingen GER"]
[Date "2008.05.16"]
[Round "9"]
[White "Lagunov, Elina"]
[Black "Töws, Manuel"]
[Result "0-1"]
[Termination "normal"]
[Board "23"]
[WhiteElo "1431"]
[BlackElo "1617"]
[PlyCount "154"]
[WhiteFideId "4673387"]
[BlackFideId "24654485"]
[EventCountry "GER"]
[EventRounds "11"]
[EventType "swiss"]
[EventDate "2008.05.10"]

1. e4 Nf6 2. e5 Nd5 3. d4 d6 4. Bc4 Nb6 5. Bb3 dxe5 6. Qh5 e6 7. dxe5 Nc6 8.
Nf3 a5 9. a4 Bd7 10. O-O g6 11. Qh3 Bg7 12. Re1 Qe7 13. Bg5 Qf8 14. Nc3 h6 15.
Bf4 O-O-O 16. Ne4 Nd5 17. Qg3 Nxf4 18. Qxf4 g5 19. Qg3 g4 20. Qxg4 Nxe5 21.
Nxe5 Bxe5 22. Qh5 f6 23. f4 Bd4+ 24. Kh1 f5 25. Nc3 Qf6 26. Qf3 Rhg8 27. Re2
Bc6 28. Qh3 Rd6 29. Rae1 Qg6 30. Nb5 Bxb5 31. axb5 Re8 32. c3 Bg7 33. Bc2 Rf8
34. Bb3 Re8 35. c4 Rd4 36. Bc2 Rxf4 37. g3 Rg4 38. Qf1 Kb8 39. Bxf5 Rf8 40.
Bxg6 Rxf1+ 41. Rxf1 Rxg6 42. Rfe1 e5 43. Kg2 Rg4 44. b3 Rd4 45. Kf3 Ka7 46. Re4
Rd3+ 47. R1e3 Rd2 48. h3 Kb6 49. Rg4 Rd7 50. Ke4 Kc5 51. Kf5 Bh8 52. Rg8 Kd4
53. Re4+ Kd3 54. Rxh8 Rf7+ 55. Kxe5 Re7+ 56. Kd5 Rxe4 57. Rxh6 Re3 58. g4 Kc3
59. Rh7 c6+ 60. bxc6 bxc6+ 61. Kxc6 Kxb3 62. Ra7 Kb4 63. Kb6 Rxh3 64. Rxa5 Rh6+
65. Kc7 Kxa5 66. c5 Kb5 67. g5 Rc6+ 68. Kd7 Kxc5 69. Ke7 Rg6 70. Kf7 Rxg5 71.
Ke6 Rd5 72. Kf6 Kd6 73. Kf7 Rf5+ 74. Kg6 Ke6 75. Kg7 Rf6 76. Kg8 Rf7 77. Kh8
Kf6 0-1

[Event "DEM U12/U12w 2008"]
[Site "Willingen GER"]
[Date "2008.05.16"]
[Round "9"]
[White "Neef, Maximilian"]
[Black "Viereck, Marten"]
[Result "1-0"]
[Termination "normal"]
[Board "24"]
[WhiteElo "1580"]
[BlackElo "1414"]
[PlyCount "73"]
[WhiteFideId "24692085"]
[BlackFideId "24692190"]
[EventCountry "GER"]
[EventRounds "11"]
[EventType "swiss"]
[EventDate "2008.05.10"]

1. d4 d5 2. c4 e6 3. Nc3 Nf6 4. cxd5 exd5 5. Bg5 Be7 6. e3 O-O 7. Bd3 c6 8.
Nge2 Re8 9. Qc2 Nbd7 10. O-O Nf8 11. f3 Ng6 12. e4 dxe4 13. fxe4 Bg4 14. Be3
Bb4 15. h3 Bxe2 16. Nxe2 Qe7 17. Ng3 Rad8 18. a3 Ba5 19. Nf5 Qd7 20. Rad1 Qe6
21. Bg5 Bb6 22. Bxf6 gxf6 23. Qc3 Ne5 24. Bc2 Qc4 25. Kh1 Qxc3 26. bxc3 Ng6 27.
g4 Rd7 28. Rf3 Bd8 29. Rdf1 Nh8 30. h4 b5 31. h5 Be7 32. Nxe7+ Rexe7 33. Rxf6
Re6 34. R6f5 a5 35. e5 f6 36. Rxf6 Rxf6 37. Rxf6 1-0

[Event "DEM U12/U12w 2008"]
[Site "Willingen GER"]
[Date "2008.05.16"]
[Round "9"]
[White "Knopf, Felix"]
[Black "Powierski, Emil"]
[Result "1/2-1/2"]
[Termination "normal"]
[Board "25"]
[WhiteElo "1412"]
[BlackElo "1564"]
[PlyCount "60"]
[WhiteFideId "24692204"]
[BlackFideId "4656199"]
[EventCountry "GER"]
[EventRounds "11"]
[EventType "swiss"]
[EventDate "2008.05.10"]

1. d4 Nf6 2. Nf3 e6 3. c4 b6 4. g3 Ba6 5. Qa4 Be7 6. Bg2 Bb7 7. O-O O-O 8. Nc3
d5 9. cxd5 Nxd5 10. Nxd5 Bxd5 11. Qc2 Nd7 12. Bf4 c5 13. Rfd1 Qc8 14. e4 Bb7
15. Rac1 cxd4 16. Qe2 Ba6 17. Qe1 Qe8 18. Rxd4 Bc5 19. Rdd1 e5 20. Be3 Qe7 21.
Bxc5 Nxc5 22. Qc3 Rfd8 23. Ne1 Rd6 24. Rxd6 Qxd6 25. b4 Ne6 26. a3 Rd8 27. Nf3
f6 28. Bh3 Nf8 29. Qb3+ Kh8 30. Qc3 Kg8 1/2-1/2

[Event "DEM U12/U12w 2008"]
[Site "Willingen GER"]
[Date "2008.05.16"]
[Round "9"]
[White "Höpfner, Tim"]
[Black "Hansch, Karsten"]
[Result "0-1"]
[Termination "normal"]
[Board "26"]
[WhiteElo "1766"]
[BlackElo "1370"]
[PlyCount "138"]
[WhiteFideId "4638310"]
[BlackFideId "24692239"]
[EventCountry "GER"]
[EventRounds "11"]
[EventType "swiss"]
[EventDate "2008.05.10"]

1. d4 Nf6 2. c4 g6 3. Nc3 Bg7 4. e4 d6 5. f3 O-O 6. Bg5 Nbd7 7. Nh3 c5 8. d5 a6
9. a4 Qb6 10. Qc2 Qd8 11. Nf2 h6 12. Be3 Ne5 13. Be2 Nh7 14. Qd2 h5 15. h4 Nf6
16. O-O-O Bd7 17. Rhg1 Qa5 18. g4 Bxa4 19. gxh5 gxh5 20. f4 Ned7 21. f5 Kh7 22.
Rxg7+ Kxg7 23. Bh6+ Kh7 24. Bxf8 Rxf8 25. Rg1 Bb3 26. Bxh5 Qa1+ 27. Nb1 Ba2 28.
Kc2 Bxb1+ 29. Rxb1 Qa4+ 30. b3 Qb4 31. Qxb4 cxb4 32. Be2 Rg8 33. Kd2 Rg2 34.
Ke3 Rh2 35. h5 Nc5 36. Bf3 Nxh5 37. Bxh5 Rxh5 38. Kd4 Rh2 39. Rb2 b6 40. Ke3
Rg2 41. Kf3 Rg1 42. Ke3 Rg3+ 43. Kf4 Rxb3 44. Rxb3 Nxb3 45. Nd3 a5 46. e5 Nc5
47. Nxc5 bxc5 48. f6 dxe5+ 49. Kxe5 exf6+ 50. Kxf6 b3 51. d6 b2 52. d7 b1=Q 53.
d8=Q Qf1+ 54. Ke5 Qe2+ 55. Kf5 Qf3+ 56. Ke5 Qh5+ 57. Kf4 Qh2+ 58. Ke4 Qc2+ 59.
Ke5 Qe2+ 60. Kf5 Qf2+ 61. Ke5 Qe2+ 62. Kf5 Qxc4 63. Qxa5 Qe6+ 64. Kf4 c4 65.
Qc3 f6 66. Qc2+ f5 67. Qh2+ Qh6+ 68. Qxh6+ Kxh6 69. Kxf5 c3 0-1

[Event "DEM U12/U12w 2008"]
[Site "Willingen GER"]
[Date "2008.05.16"]
[Round "9"]
[White "Weber, Daniel"]
[Black "Müller, Alexandra"]
[Result "0-1"]
[Termination "normal"]
[Board "27"]
[WhiteElo "1300"]
[BlackElo "1532"]
[PlyCount "66"]
[WhiteFideId "24615498"]
[BlackFideId "24691496"]
[EventCountry "GER"]
[EventRounds "11"]
[EventType "swiss"]
[EventDate "2008.05.10"]

1. e4 e5 2. f4 exf4 3. Nf3 g5 4. Bc4 Bg7 5. d4 d6 6. Nc3 h6 7. h3 Nc6 8. Bb5
Bd7 9. Bxc6 Bxc6 10. d5 Bd7 11. Bd2 Ne7 12. h4 Ng6 13. hxg5 hxg5 14. Rxh8+ Bxh8
15. Qe2 Qe7 16. O-O-O O-O-O 17. Re1 Re8 18. Kd1 Ne5 19. Qf2 Kb8 20. Kc1 Nc4 21.
Qe2 Nxd2 22. Qxd2 Be5 23. Qd3 a6 24. Qc4 Bxc3 25. Qxc3 g4 26. Nd4 f5 27. Qd2
Qe5 28. c4 fxe4 29. Ne2 f3 30. Nc3 e3 31. Qd1 e2 32. Qd2 f2 33. Nxe2 fxe1=Q+
0-1

[Event "DEM U12/U12w 2008"]
[Site "Willingen GER"]
[Date "2008.05.16"]
[Round "9"]
[White "Schuhmacher, Jakob"]
[Black "Greif, Gavin"]
[Result "1/2-1/2"]
[Termination "normal"]
[Board "28"]
[WhiteElo "1657"]
[BlackElo "1268"]
[PlyCount "48"]
[WhiteFideId "4612787"]
[BlackFideId "24662429"]
[EventCountry "GER"]
[EventRounds "11"]
[EventType "swiss"]
[EventDate "2008.05.10"]

1. d4 d5 2. Nf3 Nf6 3. c4 e6 4. Nc3 Nbd7 5. Bg5 c6 6. e3 Qa5 7. Nd2 Bb4 8. Qc2
O-O 9. Bxf6 Nxf6 10. Be2 Bd7 11. O-O c5 12. Nb3 Qc7 13. dxc5 dxc4 14. Bxc4 Bxc5
15. Nxc5 Qxc5 16. Bd3 Rac8 17. Rfd1 Rfd8 18. Rac1 Bc6 19. Qb1 Qg5 20. Bf1 Qh4
21. f3 Qg5 22. e4 Nh5 23. Kh1 Ng3+ 24. hxg3 Qh5+ 1/2-1/2

[Event "DEM U12/U12w 2008"]
[Site "Willingen GER"]
[Date "2008.05.16"]
[Round "9"]
[White "Aslan, Dersim"]
[Black "Kuckling, Hannah"]
[Result "0-1"]
[Termination "normal"]
[Board "29"]
[WhiteElo "1319"]
[BlackElo "1531"]
[PlyCount "66"]
[WhiteFideId "24692271"]
[BlackFideId "24603660"]
[EventCountry "GER"]
[EventRounds "11"]
[EventType "swiss"]
[EventDate "2008.05.10"]

1. e4 Nf6 2. Nc3 d5 3. exd5 Nxd5 4. Bc4 Nb6 5. Bb3 Bf5 6. Nf3 e6 7. d3 Be7 8.
Bf4 a6 9. Qd2 Nc6 10. a3 Qd7 11. O-O-O O-O-O 12. Rhg1 h6 13. Be5 f6 14. Bf4 e5
15. Be3 Nd4 16. Bxd4 exd4 17. Ne2 Bc5 18. Rde1 Rhe8 19. Qa5 Qc6 20. Nfxd4 Bxd4
21. Qxf5+ Kb8 22. c3 Bc5 23. Kb1 Re5 24. Qg4 Bxf2 25. Nd4 Rxe1+ 26. Rxe1 Rxd4
27. cxd4 Bxe1 28. Qxg7 Bd2 29. h4 Qd6 30. d5 Qe5 31. g3 Qd4 32. Qg6 Nc8 33. g4
Nd6 0-1

[Event "DEM U12/U12w 2008"]
[Site "Willingen GER"]
[Date "2008.05.16"]
[Round "9"]
[White "Groetzbach, Julian"]
[Black "Schmalhorst, Sophia"]
[Result "0-1"]
[Termination "normal"]
[Board "30"]
[WhiteElo "1484"]
[BlackElo "1317"]
[PlyCount "54"]
[WhiteFideId "24600938"]
[BlackFideId "24682497"]
[EventCountry "GER"]
[EventRounds "11"]
[EventType "swiss"]
[EventDate "2008.05.10"]

1. e4 e5 2. Nf3 Nc6 3. d4 exd4 4. Bc4 Bb4+ 5. c3 dxc3 6. bxc3 Ba5 7. Ba3 d6 8.
O-O Nf6 9. e5 d5 10. exf6 dxc4 11. Re1+ Be6 12. fxg7 Rg8 13. Qa4 Rxg7 14. Qb5
Bb6 15. Nbd2 Qf6 16. Bb2 O-O-O 17. Rf1 Bh3 18. g3 Bxf1 19. Rxf1 Qd6 20. Nxc4
Qd3 21. Nd4 Qg6 22. Nf3 h5 23. Ncd2 Qh6 24. Bc1 h4 25. Nc4 Qh7 26. Nfd2 hxg3
27. hxg3 Rxg3# 0-1

[Event "DEM U12/U12w 2008"]
[Site "Willingen GER"]
[Date "2008.05.16"]
[Round "9"]
[White "Duchow, Julien"]
[Black "Zimmermann, Christian"]
[Result "0-1"]
[Termination "normal"]
[Board "31"]
[WhiteElo "1303"]
[BlackElo "1645"]
[PlyCount "68"]
[BlackFideId "24692069"]
[EventCountry "GER"]
[EventRounds "11"]
[EventType "swiss"]
[EventDate "2008.05.10"]

1. e4 e5 2. Nf3 Nc6 3. Bb5 a6 4. Bxc6 dxc6 5. O-O f6 6. d4 exd4 7. Nxd4 Bd6 8.
Nc3 Ne7 9. Be3 O-O 10. Nce2 f5 11. f3 fxe4 12. fxe4 Ng6 13. Qd2 Re8 14. Nc3 Bb4
15. Nde2 Qe7 16. Qd3 Rd8 17. Nd4 c5 18. Qc4+ Kh8 19. Rf7 Qd6 20. Rd1 Ne5 21.
Qb3 Nxf7 22. Qxf7 Bxc3 23. bxc3 Bg4 24. Rd2 cxd4 25. Bxd4 Qg6 26. Qxc7 Rd7 27.
Qe5 Re8 28. Qg3 Qxe4 29. Rf2 Qe1+ 30. Rf1 Qxg3 31. hxg3 h6 32. Rf4 Bd1 33. Rh4
Kh7 34. g4 g5 0-1

[Event "DEM U12/U12w 2008"]
[Site "Willingen GER"]
[Date "2008.05.16"]
[Round "9"]
[White "Schoepe, Tobias"]
[Black "Boberg, Tobias Marcel"]
[Result "1-0"]
[Termination "normal"]
[Board "32"]
[WhiteElo "1550"]
[BlackElo "1283"]
[PlyCount "113"]
[WhiteFideId "24692107"]
[BlackFideId "24692298"]
[EventCountry "GER"]
[EventRounds "11"]
[EventType "swiss"]
[EventDate "2008.05.10"]

1. e4 e5 2. Nf3 Nc6 3. Nc3 Nf6 4. d4 exd4 5. Nxd4 Bc5 6. Nxc6 bxc6 7. Bc4 O-O
8. O-O Re8 9. Re1 Qe7 10. Bf4 d6 11. h3 Be6 12. Bb3 Bxb3 13. axb3 Qd7 14. Qf3
Re6 15. Rad1 Qe8 16. Re2 Rb8 17. Rde1 Bd4 18. Qd3 Rb4 19. Na2 Bxf2+ 20. Kxf2
Rbxe4 21. Rxe4 Nxe4+ 22. Kg1 Nc5 23. Rxe6 Qxe6 24. Qe3 Qd7 25. b4 Ne6 26. Qxa7
Qe8 27. Qe3 h6 28. Kh2 Qe7 29. Bg3 Qf6 30. Nc3 d5 31. Qe5 Qe7 32. b5 d4 33. Ne2
c5 34. Nf4 Qe8 35. Nxe6 fxe6 36. Qxc7 Qxb5 37. Qb8+ Qxb8 38. Bxb8 Kf7 39. Be5
Kg6 40. Kg3 Kf5 41. Bxg7 h5 42. Kf2 Ke4 43. Ke2 e5 44. g4 hxg4 45. hxg4 Kf4 46.
g5 e4 47. Bf6 Kf5 48. b3 Kg6 49. Be7 Kf5 50. Bxc5 Kf4 51. Bxd4 Kf5 52. Ke3 Ke6
53. Kxe4 Kd7 54. b4 Kc8 55. c4 Kb7 56. Kd5 Kc7 57. b5 1-0

[Event "DEM U12/U12w 2008"]
[Site "Willingen GER"]
[Date "2008.05.16"]
[Round "9"]
[White "Schreiber, Justina"]
[Black "Scheel, Henrik"]
[Result "1/2-1/2"]
[Termination "normal"]
[Board "33"]
[WhiteElo "1172"]
[BlackElo "1481"]
[PlyCount "94"]
[WhiteFideId "24661570"]
[BlackFideId "24692115"]
[EventCountry "GER"]
[EventRounds "11"]
[EventType "swiss"]
[EventDate "2008.05.10"]

1. e4 e5 2. Nc3 Nc6 3. Bc4 Nf6 4. Nf3 Be7 5. d3 d6 6. Be3 O-O 7. Qe2 a6 8. Bb3
Na5 9. h3 Nxb3 10. axb3 Bd7 11. O-O Bc6 12. Rfd1 Qc8 13. Bg5 h6 14. Bh4 Re8 15.
Nh2 Qe6 16. Qf3 d5 17. Bxf6 Bxf6 18. exd5 Qd6 19. dxc6 bxc6 20. Ne4 Qe6 21.
Nxf6+ Qxf6 22. Qxf6 gxf6 23. Re1 Kg7 24. c3 Red8 25. Re3 h5 26. Rd1 a5 27. Re4
Rab8 28. b4 axb4 29. cxb4 Rd5 30. Nf3 c5 31. bxc5 Rxb2 32. Rc4 Rb5 33. c6 Rbc5
34. Rdc1 Rxc4 35. dxc4 Rc5 36. Nh4 Rxc6 37. Nf5+ Kh7 38. c5 Re6 39. c6 Kg6 40.
Ne3 Rd6 41. f3 f5 42. g4 hxg4 43. hxg4 fxg4 44. Nxg4 f6 45. Kf2 Re6 46. Ne3 Rd6
47. Ng4 Re6 1/2-1/2

[Event "DEM U12/U12w 2008"]
[Site "Willingen GER"]
[Date "2008.05.16"]
[Round "9"]
[White "Böhl, Marius"]
[Black "Vonhoff, Nils"]
[Result "1/2-1/2"]
[Termination "normal"]
[Board "34"]
[WhiteElo "1471"]
[BlackElo "1282"]
[PlyCount "43"]
[WhiteFideId "24692131"]
[BlackFideId "24692301"]
[EventCountry "GER"]
[EventRounds "11"]
[EventType "swiss"]
[EventDate "2008.05.10"]

1. d4 e6 2. c4 c5 3. e3 Nf6 4. Nc3 Be7 5. Nf3 O-O 6. Bd3 d6 7. O-O Na6 8. a3
Nc7 9. Bd2 b6 10. Qc2 Bb7 11. Ne4 Nxe4 12. Bxe4 Bxe4 13. Qxe4 Bf6 14. dxc5 dxc5
15. Rad1 Qe7 16. Ne5 Bxe5 17. Qxe5 f6 18. Qe4 Rfe8 19. Bc3 Red8 20. Rxd8+ Rxd8
21. Qb7 Nd5 22. Qxe7 1/2-1/2

[Event "DEM U12/U12w 2008"]
[Site "Willingen GER"]
[Date "2008.05.16"]
[Round "9"]
[White "Eichstaedt, Mirko"]
[Black "Bokemaer, David"]
[Result "1/2-1/2"]
[Termination "normal"]
[Board "35"]
[WhiteElo "1265"]
[BlackElo "1433"]
[PlyCount "38"]
[WhiteFideId "24692310"]
[EventCountry "GER"]
[EventRounds "11"]
[EventType "swiss"]
[EventDate "2008.05.10"]

1. e4 e5 2. Nf3 Nc6 3. Bb5 a6 4. Ba4 Nf6 5. O-O b5 6. Bb3 Bc5 7. c3 d6 8. h3 h6
9. d4 Bb6 10. dxe5 Nxe5 11. Nxe5 dxe5 12. Qxd8+ Kxd8 13. Bxf7 Ke7 14. Bd5 Nxd5
15. exd5 Rf8 16. Be3 Bb7 17. Bxb6 cxb6 18. Re1 Kd6 19. Nd2 Bxd5 1/2-1/2

[Event "DEM U12/U12w 2008"]
[Site "Willingen GER"]
[Date "2008.05.16"]
[Round "9"]
[White "Puffay, Jana"]
[Black "Ewert, Paul"]
[Result "0-1"]
[Termination "normal"]
[Board "36"]
[WhiteElo "1047"]
[BlackElo "1329"]
[PlyCount "74"]
[WhiteFideId "24692360"]
[EventCountry "GER"]
[EventRounds "11"]
[EventType "swiss"]
[EventDate "2008.05.10"]

1. e4 e5 2. Nf3 Nc6 3. Bc4 Nf6 4. d3 Bc5 5. c3 Bb6 6. h3 d6 7. Nbd2 h6 8. O-O
O-O 9. Re1 Ne7 10. Nf1 Ng6 11. Ng3 c6 12. Qc2 Be6 13. Bb3 Re8 14. Be3 Bc7 15.
Rad1 d5 16. d4 Qe7 17. dxe5 Nxe5 18. Nxe5 Bxe5 19. exd5 Bxd5 20. Bf4 Qc7 21.
Bxe5 Rxe5 22. Rxe5 Qxe5 23. c4 Be6 24. Qe2 Qc7 25. Qd3 Nd7 26. Bc2 Nf6 27. Nh5
Rc8 28. Nxf6+ gxf6 29. Qh7+ Kf8 30. Qxh6+ Ke7 31. b3 Rg8 32. Re1 Qa5 33. Re3
Qxa2 34. Bf5 Qa1+ 35. Kh2 Qf1 36. Be4 Qxf2 37. Rf3 Qxg2# 0-1

[Event "DEM U12/U12w 2008"]
[Site "Willingen GER"]
[Date "2008.05.16"]
[Round "9"]
[White "Stolberg, Daniel"]
[Black "Polert, Annika"]
[Result "1-0"]
[Termination "normal"]
[Board "37"]
[WhiteElo "1372"]
[BlackElo "1196"]
[PlyCount "145"]
[BlackFideId "24692328"]
[EventCountry "GER"]
[EventRounds "11"]
[EventType "swiss"]
[EventDate "2008.05.10"]

1. d4 Nf6 2. c4 c5 3. d5 b5 4. e3 g6 5. b3 Bg7 6. Bb2 O-O 7. Nf3 d6 8. Be2 Qb6
9. O-O bxc4 10. Bxc4 Nbd7 11. Nbd2 Bb7 12. e4 Rab8 13. Re1 Rfe8 14. Nf1 Qd8 15.
Qd2 Nb6 16. Qd3 Ba8 17. N3d2 Nxe4 18. Bxg7 Nxd2 19. Nxd2 Kxg7 20. Nf3 h6 21.
Nh4 Qd7 22. Bb5 Qg4 23. Bxe8 Rxe8 24. Qc3+ Kh7 25. Qg3 Qxg3 26. fxg3 Bxd5 27.
Nf3 Be6 28. Rad1 Kg7 29. h3 Kf8 30. Nd2 Rb8 31. g4 Nd7 32. Rc1 Rb4 33. Re4 Rb6
34. Rf1 Ra6 35. Rxe6 Rxa2 36. Nc4 Nf6 37. Ree1 d5 38. Ne3 Ra3 39. Rd1 d4 40.
Nc2 Rxb3 41. Nxd4 cxd4 42. Rxd4 Ra3 43. Rdd1 Rc3 44. Ra1 Rc7 45. Rfc1 Rd7 46.
Rc8+ Kg7 47. Ra8 e5 48. R8xa7 Rxa7 49. Rxa7 e4 50. Re7 Kf8 51. Re5 g5 52. Kf2
Kg7 53. g3 Kg6 54. Ke1 Kg7 55. h4 gxh4 56. gxh4 Nxg4 57. Rxe4 f5 58. Rf4 Kg6
59. Ke2 Kh5 60. Rxf5+ Kxh4 61. Kf3 Nh2+ 62. Kg2 Ng4 63. Rf4 Kg5 64. Kg3 Nf6 65.
Rf1 Kg6 66. Rg1 Kf7 67. Kf4 Ng8 68. Rg2 Kf8 69. Ke5 Kf7 70. Rf2+ Kg7 71. Rg2+
Kf7 72. Kf4 Kf6 73. Rxg8 1-0

[Event "DEM U12/U12w 2008"]
[Site "Willingen GER"]
[Date "2008.05.16"]
[Round "9"]
[White "Neumann, Florian"]
[Black "Bajorski, Maria Sophie"]
[Result "0-1"]
[Termination "normal"]
[Board "38"]
[WhiteElo "1350"]
[BlackElo "1211"]
[PlyCount "118"]
[BlackFideId "24654531"]
[EventCountry "GER"]
[EventRounds "11"]
[EventType "swiss"]
[EventDate "2008.05.10"]

1. e4 e5 2. Bc4 Nf6 3. d3 Nc6 4. Nf3 Be7 5. Bb3 d5 6. exd5 Nxd5 7. Qe2 Bf6 8.
d4 Bg4 9. h3 Nxd4 10. Qe4 Bxf3 11. gxf3 Nxb3 12. axb3 O-O 13. Rg1 c6 14. Bh6
Kh8 15. Bd2 Re8 16. Ra4 Nf4 17. Kf1 Qb6 18. Be3 Qc7 19. Nc3 a6 20. Ra1 Rad8 21.
Re1 Re7 22. Bc5 Red7 23. Be3 g6 24. Bxf4 exf4 25. Rg4 Rd4 26. Qe2 Qb6 27. Rg2
Bh4 28. Qe5+ Kg8 29. Re2 R4d5 30. Nxd5 Rxd5 31. Qxf4 Qa5 32. Qe4 Qb5 33. Qc4
Qa5 34. Re8+ Kg7 35. Qc3+ Qxc3 36. bxc3 Rd2 37. Re2 Rd1+ 38. Re1 Rd2 39. Rc1
Bf6 40. Ke1 Bxc3 41. Kf1 Bb2 42. Re1 Kf8 43. Rg4 f5 44. Rc4 Kf7 45. Kg2 Bf6 46.
Kg3 g5 47. Kg2 Rd6 48. Rc5 Kg6 49. Ra5 Bc3 50. Rae5 Bxe1 51. Rxe1 Kf6 52. Kf1
Rd2 53. Re2 Rxe2 54. Kxe2 Ke6 55. Ke3 Ke5 56. Ke2 a5 57. c3 b5 58. Ke3 a4 59.
bxa4 bxa4 0-1

[Event "DEM U12/U12w 2008"]
[Site "Willingen GER"]
[Date "2008.05.16"]
[Round "9"]
[White "Stanau, Guido"]
[Black "Diederichs, Luise"]
[Result "1-0"]
[Termination "normal"]
[Board "39"]
[WhiteElo "1333"]
[BlackElo "1177"]
[PlyCount "137"]
[WhiteFideId "24692255"]
[BlackFideId "24661597"]
[EventCountry "GER"]
[EventRounds "11"]
[EventType "swiss"]
[EventDate "2008.05.10"]

1. e4 e6 2. d3 d5 3. Nd2 Nf6 4. Ngf3 dxe4 5. dxe4 Nc6 6. Bd3 Bd6 7. O-O O-O 8.
Re1 Bf4 9. Nf1 Bxc1 10. Rxc1 e5 11. Ng3 Qe7 12. Qd2 Bg4 13. Re3 Rfd8 14. Rce1
Bxf3 15. Rxf3 Nd4 16. Rfe3 Ng4 17. c3 Nxe3 18. Rxe3 Ne6 19. Nf5 Qf6 20. Rf3 Nf4
21. g3 Rxd3 22. Rxd3 Nxd3 23. Qxd3 g6 24. Nh6+ Kg7 25. Ng4 Rd8 26. Qe3 Qe6 27.
Qh6+ Kg8 28. Qg5 Re8 29. Nf6+ Kg7 30. Nxe8+ Qxe8 31. h4 f6 32. Qd2 Qe7 33. Kf1
Qd6 34. Qxd6 cxd6 35. Ke2 Kf7 36. Kd3 b5 37. c4 a6 38. cxb5 axb5 39. Kc3 Ke7
40. Kb4 f5 41. f3 Ke6 42. Kxb5 d5 43. exd5+ Kxd5 44. a4 e4 45. fxe4+ fxe4 46.
a5 e3 47. a6 e2 48. a7 Kd4 49. a8=Q e1=Q 50. Qd8+ Ke3 51. Qe7+ Kf2 52. Qxe1+
Kxe1 53. Kc5 Kf2 54. b4 Kxg3 55. b5 Kxh4 56. b6 g5 57. b7 g4 58. b8=Q g3 59.
Qc7 h5 60. Kd4 Kh3 61. Qf4 g2 62. Qf3+ Kh2 63. Qxh5+ Kg3 64. Qg5+ Kf2 65. Qf4+
Kg1 66. Ke3 Kh1 67. Qh4+ Kg1 68. Kf3 Kf1 69. Qf2# 1-0

[Event "DEM U12/U12w 2008"]
[Site "Willingen GER"]
[Date "2008.05.16"]
[Round "9"]
[White "Kühne, Niklas"]
[Black "Rahimi, Anita"]
[Result "1-0"]
[Termination "normal"]
[Board "40"]
[WhiteElo "1283"]
[BlackElo "1172"]
[PlyCount "61"]
[WhiteFideId "24690015"]
[BlackFideId "24692336"]
[EventCountry "GER"]
[EventRounds "11"]
[EventType "swiss"]
[EventDate "2008.05.10"]

1. c4 c6 2. Nc3 d5 3. d4 Bf5 4. Qb3 Qb6 5. cxd5 cxd5 6. Nxd5 Qxb3 7. axb3 Kd7
8. Nf3 Nc6 9. e3 e6 10. Nc3 Nf6 11. Bb5 Bd6 12. O-O Kc7 13. Ng5 Bg6 14. Bc4
Rhe8 15. Nb5+ Kd7 16. Nxd6 Kxd6 17. Bd2 a6 18. b4 h6 19. Nf3 Rac8 20. Rfc1 Rc7
21. b5 axb5 22. Bxb5 Rec8 23. Bxc6 Rxc6 24. Ne5 Rxc1+ 25. Rxc1 Ra8 26. f3 Ra2
27. Bb4+ Kd5 28. Rc5+ Kd6 29. Ra5+ Kc7 30. Rxa2 Nd5 31. Bd2 1-0

[Event "DEM U12/U12w 2008"]
[Site "Willingen GER"]
[Date "2008.05.16"]
[Round "9"]
[White "Stolcz, Bianca"]
[Black "Hellwig, Immo"]
[Result "1-0"]
[Termination "normal"]
[Board "41"]
[WhiteElo "1594"]
[BlackElo "1278"]
[PlyCount "47"]
[WhiteFideId "24654914"]
[EventCountry "GER"]
[EventRounds "11"]
[EventType "swiss"]
[EventDate "2008.05.10"]

1. e4 c5 2. Nf3 Nc6 3. d4 cxd4 4. Nxd4 g6 5. Nc3 Bg7 6. Be3 Nf6 7. Bc4 O-O 8.
O-O Nxe4 9. Nxe4 d5 10. Nxc6 bxc6 11. Bd3 dxe4 12. Bxe4 Bxb2 13. Rb1 Qxd1 14.
Rfxd1 Rb8 15. Bxc6 a6 16. Ba7 Rb4 17. Bc5 Rc4 18. Bxe7 Bf5 19. Rxb2 Rc8 20. Bd5
R4c7 21. Bf6 Bxc2 22. Rc1 Be4 23. Rxc7 Rxc7 24. Rb8+ 1-0

[Event "DEM U12/U12w 2008"]
[Site "Willingen GER"]
[Date "2008.05.16"]
[Round "9"]
[White "Spiegelberg, Silvia"]
[Black "Jermann, Isabel"]
[Result "1-0"]
[Termination "normal"]
[Board "42"]
[WhiteElo "1455"]
[BlackElo "1146"]
[PlyCount "145"]
[WhiteFideId "24654450"]
[EventCountry "GER"]
[EventRounds "11"]
[EventType "swiss"]
[EventDate "2008.05.10"]

1. e4 c6 2. d4 d5 3. f3 Nd7 4. Nc3 e6 5. Bf4 Nb6 6. Nge2 c5 7. Qd3 cxd4 8. Qxd4
Nf6 9. Ng3 Bd7 10. Nb5 Bxb5 11. Bxb5+ Nbd7 12. c3 a6 13. Ba4 b5 14. Bc2 Bc5 15.
Qd2 O-O 16. b4 Bb6 17. Bd6 Re8 18. e5 Rc8 19. Qd3 Bc7 20. exf6 Nxf6 21. Bc5 Be5
22. Bd4 Qc7 23. Bb3 Bxd4 24. cxd4 Qc3+ 25. Qxc3 Rxc3 26. O-O Rec8 27. Ne2 R3c6
28. Rac1 Nd7 29. Rxc6 Rxc6 30. Rc1 Nb8 31. Rc2 Kf8 32. a4 bxa4 33. Bxa4 Rxc2
34. Bxc2 Nc6 35. b5 axb5 36. Bb1 h6 37. Kf2 Ke7 38. Ke3 Kd6 39. h4 f6 40. g4
Ke7 41. f4 g5 42. h5 Kd6 43. Bg6 Ne7 44. Kd3 Nc6 45. Kc3 Ke7 46. Nc1 b4+ 47.
Kb3 Nxd4+ 48. Kxb4 gxf4 49. Kc3 e5 50. Kd3 Nf3 51. Ke2 Ng5 52. Kd3 d4 53. Nb3
Ne6 54. Na5 Nc5+ 55. Ke2 Kd6 56. Nc4+ Kc6 57. Ke1 Kb5 58. Nd6+ Kb4 59. Nf7 Ne6
60. Nxh6 Kc3 61. Ng8 d3 62. Nxf6 Ng5 63. h6 d2+ 64. Kd1 f3 65. Ne4+ Nxe4 66.
Bxe4 f2 67. Bg2 e4 68. h7 e3 69. h8=Q+ Kd3 70. Bf1+ Ke4 71. g5 Kf3 72. g6 Ke4
73. g7 1-0

[Event "DEM U12/U12w 2008"]
[Site "Willingen GER"]
[Date "2008.05.16"]
[Round "9"]
[White "Michels, Kim"]
[Black "Pührer, Anne"]
[Result "1-0"]
[Termination "normal"]
[Board "43"]
[WhiteElo "926"]
[BlackElo "1369"]
[PlyCount "105"]
[WhiteFideId "24690066"]
[BlackFideId "24692247"]
[EventCountry "GER"]
[EventRounds "11"]
[EventType "swiss"]
[EventDate "2008.05.10"]

1. e4 c5 2. d4 cxd4 3. c3 dxc3 4. Nxc3 d6 5. Nf3 Nc6 6. Bc4 Nf6 7. O-O g6 8.
Be3 Bg7 9. Qe2 O-O 10. Rfd1 Ng4 11. h3 Nge5 12. Nxe5 Nxe5 13. Bb3 Bd7 14. Rac1
a5 15. a4 Bc6 16. Bg5 Re8 17. Rd2 Qc7 18. Nd5 Qd8 19. Nc3 Qb6 20. Ba2 Qb4 21.
Be3 Nd7 22. Qf3 Rf8 23. Nd5 Bxd5 24. Bxd5 Qxa4 25. Bxb7 Rab8 26. Bc6 Ne5 27.
Bxa4 Nxf3+ 28. gxf3 Rxb2 29. Rxb2 Bxb2 30. Rb1 Bg7 31. Rb7 e6 32. Ra7 Bc3 33.
Ra6 d5 34. exd5 exd5 35. Bh6 Rd8 36. Bg5 Rd6 37. Rxd6 Be5 38. Rxd5 f6 39. Rd8+
Kg7 40. Rd7+ Kf8 41. Bh6+ Ke8 42. Rxh7+ Kd8 43. Kf1 g5 44. Ke2 Kc8 45. Kd3 Kd8
46. Kc4 Kc8 47. Kd5 Kd8 48. Kc6 Bf4 49. Rd7+ Kc8 50. Rf7 Kd8 51. Kb7 Be5 52.
Bf8 g4 53. Be7# 1-0